000 00571nam a2200193Ia 4500
005 20221110143813.0
008 131103s9999 xx 000 0 und d
040 _aLoreto College
041 _aEnglish
082 _a954.02
_bVAR
100 _aVarma,Ramesh Chandra
245 _aForeign policy of the great Mughals (1526 - 1727 A.D.)
_cRamesh Chandra Varma
260 _aAgra
_bShiva Lal Agarwala
_c1967
300 _aiii,243 (iv)
504 _aIncludes index and bibliographical references
650 _aHistory - Medieval India
850 _aLCLIB
942 _cBK
999 _c9555
_d60034